Distance education : (Record no. 168547)

MARC details
000 -LEADER
fixed length control field 00708nam a22002057a 4500
005 - DATE AND TIME OF LATEST TRANSACTION
control field 20191015105104.0
010 ## - LCCN (DPL NO)
LC control number ENG-126656
020 ## - INTERNATIONAL STANDARD BOOK NUMBER
International Standard Book Number 9789353066956
Terms of availability 575.00
035 ## - SYSTEM CONTROL NUMBER
System control number EN-110188
037 ## - SOURCE OF ACQUISITION
Source of stock number/acquisition DBAD/PUB
082 ## - DEWEY DECIMAL CLASSIFICATION NUMBER
Classification number 371.35
100 ## - MAIN ENTRY--PERSONAL NAME
Personal name Deb, Sibnath
245 ## - TITLE STATEMENT
Title Distance education :
Statement of responsibility, etc by Sibnath Dev [and] Vimala Veeraraghavan
Remainder of title prospects, challenges and way forward /
260 ## - PUBLICATION, DISTRIBUTION, ETC. (IMPRINT)
Place of publication, distribution, etc Noida
Name of publisher, distributor, etc Pearson India Education Services
Date of publication, distribution, etc 2019
270 ## - ADDRESS
Address 15th Floor, Tower-B, World Trade Tower, Plot No.1
City Block-C, Sector-16, Noida
Postal code 201301
300 ## - PHYSICAL DESCRIPTION
Extent xvi;292p.
Dimensions 22cm(pbk)
500 ## - GENERAL NOTE
General note Includes references
700 ## - ADDED ENTRY--PERSONAL NAME
Personal name Veeraraghavan, Vimala
942 ## - ADDED ENTRY ELEMENTS (KOHA)
Source of classification or shelving scheme Dewey Decimal Classification
Item type English Books
Classification part 371.35
Call number suffix DEB
Holdings
Withdrawn status Lost status Not for loan Collection code Home library Current library Date acquired Source of acquisition Cost, normal purchase price Full call number Barcode Copy number Cost, replacement price Koha item type
      Non-fiction Bawana Bawana 15/10/2019 DBAD/PUB 575.00 371.35 DEB EN-110188 1 575.00 English Books

© Delhi Public Library
Hit Counter
free hit counter